[Event "17. Int. Offene Wiener Schachmeisterschaft 2011 A-
[Site "Grosser Festsaal im Wiener Rathaus"]
[Date "2011.08.16"]
[Round "4"]
[Board "1"]
[White "Scharrer, Patrick"]
[Black "Danner, Georg"]
[Result "0-1"]
[WhiteElo "2233"]
[BlackElo "2401"]
[PlyCount "124"]
[EventDate "2011.08.13"]
[EventRounds "9"]
[EventCountry "AUT"]

1.e4 c5 2.Nf3 Nc6 3.Bb5 Nd4 4.Nxd4 cxd4 5.c3 Nf6 6.e5 Nd5 7.O-O e6 8.cxd4 Qb6
9.Qa4 a6 10.Be2 Qa7 11.Nc3 b5 12.Qb3 Bb7 13.Bf3 Qxd4 14.Nxd5 Bxd5 15.Bxd5 Qxd5
16.Qxd5 exd5 17.d4 d6 18.Bf4 Rc8 19.b3 Kd7 20.Rfc1 Be7 21.exd6 Bxd6 22.Bxd6 Kxd6
23.f3 g5 24.Kf2 Rhe8 25.Rxc8 Rxc8 26.Re1 a5 27.Ke3 a4 28.Kd2 axb3 29.axb3 Ra8
30.Re2 b4 31.Kd3 h5 32.Kc2 Ra2+ 33.Kd3 Ra1 34.Rb2 h4 35.g4 h3 36.Ke3 Rc1 37.Kf2
Rc3 38.Kg3 Rd3 39.Rb1 f6 40.Rb2 Rxd4 41.Kxh3 Rd3 42.Kg3 d4 43.Rb1 Kd5 44.Rb2 Rc3
45.Kf2 Re3 46.Rb1 Rd3 47.Rb2 Rc3 48.Ke2 Ke5 49.Ra2 Re3+ 50.Kd2 Rxf3 51.Ra8 Rxb3
52.Re8+ Kf4 53.Rf8 Kxg4 54.Rxf6 Rb2+ 55.Kd3 Rxh2 56.Kxd4 b3 57.Rb6 b2 58.Ke3 Kg3
59.Rb8 g4 60.Rb3 Rf2 61.Ke4+ Kg2 62.Rb8 g3 0-1

[Event "17. Int. Offene Wiener Schachmeisterschaft 2011 A-
[Site "Grosser Festsaal im Wiener Rathaus"]
[Date "2011.08.16"]
[Round "4"]
[Board "1"]
[White "Poetsch, Hagen"]
[Black "Jeitz, Christian"]
[Result "1/2-1/2"]
[WhiteElo "2403"]
[BlackElo "2165"]
[PlyCount "112"]
[EventDate "2011.08.13"]
[EventRounds "9"]
[EventCountry "AUT"]

1.e4 c5 2.Nf3 Nc6 3.d4 cxd4 4.Nxd4 Nf6 5.Nc3 e6 6.Ndb5 Bb4 7.a3 Bxc3+ 8.Nxc3 d5
9.exd5 exd5 10.Bd3 O-O 11.O-O d4 12.Ne2 Bg4 13.Bg5 Qd6 14.f3 Bh5 15.Qd2 Rfe8
16.Rad1 Rad8 17.Nf4 Bg6 18.Nxg6 hxg6 19.Rfe1 Rxe1+ 20.Rxe1 Re8 21.Rd1 Nd5 22.Bh4
a6 23.Bf2 Qf6 24.Be4 Ne3 25.Re1 Nf5 26.Qd3 Re6 27.Bxc6 Rxe1+ 28.Bxe1 Qxc6 29.Bf2
Qb6 30.b4 Qe6 31.h4 Qa2 32.h5 Kh7 33.hxg6+ fxg6 34.Kh2 Qb2 35.f4 Qc1 36.g3 Ne3
37.Qxd4 Ng4+ 38.Kg2 Qxc2 39.Kf3 Nxf2 40.Qxf2 Qc6+ 41.Ke2 Qc4+ 42.Kf3 Qd5+ 43.Ke2
Qa2+ 44.Kf1 Qxa3 45.Qe1 b6 46.Qe4 Qa1+ 47.Kf2 a5 48.bxa5 Qxa5 49.g4 Qd2+ 50.Kg3
Qd1 51.f5 Qg1+ 52.Kh3 Qf1+ 53.Kg3 gxf5 54.gxf5 Qg1+ 55.Kh3 Qf1+ 56.Kg3 Qg1+ 1/2-1/2

[Event "17. Int. Offene Wiener Schachmeisterschaft 2011 A-
[Site "Grosser Festsaal im Wiener Rathaus"]
[Date "2011.08.16"]
[Round "4"]
[Board "1"]
[White "Zeller, Frank"]
[Black "Fiderer, Lukas"]
[Result "1-0"]
[WhiteElo "2395"]
[BlackElo "2183"]
[PlyCount "69"]
[EventDate "2011.08.13"]
[EventRounds "9"]
[EventCountry "AUT"]

1.e4 e5 2.Nf3 Nc6 3.Bc4 Bc5 4.b4 Bxb4 5.c3 Bd6 6.d4 Nf6 7.O-O O-O 8.Re1 b6
9.Nbd2 Bb7 10.Nf1 Na5 11.Bd3 Re8 12.Bg5 h6 13.Bh4 Be7 14.Nxe5 d5 15.exd5 Bxd5
16.Ne3 Be6 17.Qf3 Nd7 18.Bxe7 Qxe7 19.Nxd7 Bxd7 20.Re2 Qg5 21.Rae1 Bc6 22.d5 Bd7
23.g3 Nb7 24.h4 Qe5 25.Ng4 Qd6 26.Ne5 Rf8 27.Qe4 g6 28.Qf4 Nc5 29.Qxh6 Nxd3
30.Nxd3 Bb5 31.Re6 Qxd5 32.Nf4 Qf5 33.Nxg6 fxe6 34.Ne7+ Kf7 35.Nxf5 1-0

[Event "17. Int. Offene Wiener Schachmeisterschaft 2011 A-
[Site "Grosser Festsaal im Wiener Rathaus"]
[Date "2011.08.16"]
[Round "4"]
[Board "1"]
[White "Mitchell, Martin"]
[Black "Jakovljevic, Vlado"]
[Result "0-1"]
[WhiteElo "2228"]
[BlackElo "2377"]
[PlyCount "43"]
[EventDate "2011.08.13"]
[EventRounds "9"]
[EventCountry "AUT"]

1.d4 Nf6 2.c4 e6 3.Nc3 Bb4 4.e3 O-O 5.Bd3 d5 6.Nf3 c5 7.O-O Nc6 8.a3 Bxc3 9.bxc3
dxc4 10.Bxc4 Qc7 11.Qe2 e5 12.Nxe5 Nxe5 13.dxe5 Qxe5 14.Bd3 Rd8 15.Bb2 Ng4 16.g3
Qh5 17.h4 g5 18.Rad1 Be6 19.Bc4 Rxd1 20.Rxd1 Bxc4 21.Qxc4 Nxe3 22.Ra1 0-1

[Event "17. Int. Offene Wiener Schachmeisterschaft 2011 A-
[Site "Grosser Festsaal im Wiener Rathaus"]
[Date "2011.08.16"]
[Round "4"]
[Board "1"]
[White "Ootes, Lars"]
[Black "Traunwieser, Georg"]
[Result "0-1"]
[WhiteElo "2376"]
[BlackElo "2169"]
[PlyCount "64"]
[EventDate "2011.08.13"]
[EventRounds "9"]
[EventCountry "AUT"]

1.e4 e5 2.Nf3 Nc6 3.Bb5 a6 4.Ba4 d6 5.c3 Bd7 6.d3 g6 7.Nbd2 Bg7 8.Nf1 h6 9.h3 f5
10.a3 f4 11.g3 fxg3 12.Nxg3 Qf6 13.Be3 Nge7 14.b4 Rf8 15.Nh2 h5 16.Bb3 Nd4
17.cxd4 exd4 18.Nxh5 gxh5 19.Qxh5+ Kd8 20.Bd2 Qxf2+ 21.Kd1 Qg2 22.Kc2 Rf2
23.Rag1 Rxd2+ 24.Kc1 Qf2 25.Rxg7 Qe3 26.Qh8+ Be8 27.Bc2 Rxh2+ 28.Kb2 Rxh1 29.Qh4
Qc1+ 30.Kb3 Ba4+ 31.Kxa4 Qxc2+ 32.Ka5 b6# 0-1

[Event "17. Int. Offene Wiener Schachmeisterschaft 2011 A-
[Site "Grosser Festsaal im Wiener Rathaus"]
[Date "2011.08.16"]
[Round "4"]
[Board "1"]
[White "Prinzjakowitsch, Bernhard"]
[Black "Kummer, Helmut"]
[Result "0-1"]
[WhiteElo "2168"]
[BlackElo "2362"]
[PlyCount "118"]
[EventDate "2011.08.13"]
[EventRounds "9"]
[EventCountry "AUT"]

1.e4 e5 2.Nf3 Nc6 3.Bb5 Nf6 4.O-O Nxe4 5.d4 Nd6 6.Bxc6 dxc6 7.dxe5 Nf5 8.Qxd8+
Kxd8 9.b3 Bd7 10.Bb2 Kc8 11.Nc3 b6 12.Rad1 Be7 13.Ne4 h6 14.c4 c5 15.Nc3 Re8
16.Nd5 Bd8 17.h3 a5 18.a4 Ne7 19.Ne3 Bc6 20.Nd2 Ng6 21.f4 f6 22.exf6 Bxf6
23.Bxf6 gxf6 24.Ng4 Re2 25.Rf2 Rxf2 26.Kxf2 Nxf4 27.Nxf6 Kb7 28.Nf3 Rf8 29.Nd7
Rg8 30.Ne1 Nxg2 31.Ne5 Nf4 32.h4 Re8 33.N1f3 h5 34.Rd2 Bxf3 35.Nxf3 Re4 36.Ng5
Rd4 37.Nf3 Re4 38.Ng5 Re5 39.Rd7 Ng6 40.Nf3 Re4 41.Rh7 Nxh4 42.Rxh5 Ng6 43.Nd2
Re7 44.Rh3 Ne5 45.Kf1 Nc6 46.Kf2 Nd4 47.Re3 Rf7+ 48.Nf3 Kc6 49.Rd3 Rf4 50.Kg3
Re4 51.Nd2 Re1 52.Nf3 Rb1 53.Nd2 Rd1 54.Kf2 Nxb3 55.Ke2 Rxd2+ 56.Rxd2 Nxd2
57.Kxd2 Kd6 58.Kd3 Ke5 59.Ke3 c6 0-1

[Event "17. Int. Offene Wiener Schachmeisterschaft 2011 A-
[Site "Grosser Festsaal im Wiener Rathaus"]
[Date "2011.08.16"]
[Round "4"]
[Board "1"]
[White "Schachinger, Mario"]
[Black "Zoebisch, Herbert"]
[Result "1/2-1/2"]
[WhiteElo "2360"]
[BlackElo "2148"]
[PlyCount "31"]
[EventDate "2011.08.13"]
[EventRounds "9"]
[EventCountry "AUT"]

1.d4 d5 2.c4 dxc4 3.e3 Nf6 4.Bxc4 e6 5.Nf3 c5 6.O-O a6 7.Bb3 Nc6 8.Nc3 Be7
9.dxc5 Qxd1 10.Rxd1 Bxc5 11.Bd2 O-O 12.Rac1 Ba7 13.Be1 Bd7 14.Ne4 Nxe4 15.Rxd7
Nc5 16.Rdd1 1/2-1/2

[Event "17. Int. Offene Wiener Schachmeisterschaft 2011 A-
[Site "Grosser Festsaal im Wiener Rathaus"]
[Date "2011.08.16"]
[Round "4"]
[Board "1"]
[White "Villwock, Martin"]
[Black "Maryasin, Boris"]
[Result "0-1"]
[WhiteElo "2157"]
[BlackElo "2321"]
[PlyCount "56"]
[EventDate "2011.08.13"]
[EventRounds "9"]
[EventCountry "AUT"]

1.e4 e6 2.d4 d5 3.e5 c5 4.c3 Nc6 5.Nf3 Bd7 6.Be2 f6 7.exf6 Nxf6 8.O-O Qc7 9.c4
cxd4 10.Nxd4 Nxd4 11.Qxd4 Bc5 12.Qh4 O-O 13.Nc3 d4 14.Ne4 Nxe4 15.Qxe4 e5 16.Bd2
Bc6 17.Qh4 e4 18.b4 Be7 19.Qh5 g6 20.Qh3 Bd7 21.Bg4 Bf5 22.Rac1 Bd6 23.g3 Qd7
24.Bxf5 Rxf5 25.c5 Bf8 26.Qg4 e3 27.Be1 Re8 28.f4 d3 0-1

[Event "17. Int. Offene Wiener Schachmeisterschaft 2011 A-
[Site "Grosser Festsaal im Wiener Rathaus"]
[Date "2011.08.16"]
[Round "4"]
[Board "1"]
[White "Fraser-Mitchell, Jeremy"]
[Black "Schnepp, Gunnar"]
[Result "1/2-1/2"]
[WhiteElo "2038"]
[BlackElo "2300"]
[PlyCount "30"]
[EventDate "2011.08.13"]
[EventRounds "9"]
[EventCountry "AUT"]

1.d4 d5 2.c4 dxc4 3.Nf3 Nf6 4.Nc3 c6 5.e4 b5 6.e5 Nd5 7.a4 e6 8.axb5 Nxc3 9.bxc3
cxb5 10.Ng5 Bb7 11.Qh5 Qd7 12.Nxh7 Nc6 13.Be2 O-O-O 14.Nxf8 Rdxf8 15.Qg4 f5 1/2-1/2

[Event "17. Int. Offene Wiener Schachmeisterschaft 2011 A-
[Site "Grosser Festsaal im Wiener Rathaus"]
[Date "2011.08.16"]
[Round "4"]
[Board "1"]
[White "Pastar, Slaven"]
[Black "Bykov, Alexey"]
[Result "0-1"]
[WhiteElo "1989"]
[BlackElo "2278"]
[PlyCount "115"]
[EventDate "2011.08.13"]
[EventRounds "9"]
[EventCountry "AUT"]

1.g3 d5 2.Bg2 Nf6 3.Nf3 c6 4.O-O Bg4 5.d3 e6 6.Nbd2 Be7 7.e4 O-O 8.Qe2 a5 9.h3
Bh5 10.g4 Bg6 11.Ne5 dxe4 12.dxe4 Nbd7 13.Nxd7 Nxd7 14.f4 f6 15.Nf3 e5 16.f5 Bf7
17.Be3 Bc5 18.Rfd1 Bxe3+ 19.Qxe3 Qb6 20.Qxb6 Nxb6 21.b3 Rfd8 22.Ne1 a4 23.Nd3
axb3 24.axb3 Rxa1 25.Rxa1 Bxb3 26.Nc5 Bxc2 27.Nxb7 Rd1+ 28.Rxd1 Bxd1 29.Kf2 Nd7
30.Ke3 Kf8 31.Kd2 Ba4 32.Nd8 Ke7 33.Ne6 g5 34.Kc3 Bd1 35.Kb4 Kd6 36.Ng7 Ke7
37.Nh5 Be2 38.Ng3 Bd3 39.Bf1 c5+ 40.Ka5 c4 41.Kb4 Kd6 42.Bxd3 cxd3 43.Kc3 Nc5
44.Kd2 Kc6 45.Ke3 Kb5 46.Nh5 Kc4 47.Nxf6 Kc3 48.Nd5+ Kc2 49.Nb4+ Kc3 50.Nd5+ Kc2
51.Kf3 d2 52.Ne3+ Kc1 53.f6 d1=Q+ 54.Nxd1 Kxd1 55.f7 Ne6 56.h4 Kd2 57.Kg3 Ke3
58.hxg5 0-1

[Event "17. Int. Offene Wiener Schachmeisterschaft 2011 A-
[Site "Grosser Festsaal im Wiener Rathaus"]
[Date "2011.08.16"]
[Round "4"]
[Board "1"]
[White "Gleizerov, Evgeny"]
[Black "Tselkovskiy, Kirill"]
[Result "1-0"]
[WhiteElo "2590"]
[BlackElo "1876"]
[PlyCount "81"]
[EventDate "2011.08.13"]
[EventRounds "9"]
[EventCountry "AUT"]

1.d4 Nf6 2.c4 e6 3.g3 c5 4.d5 exd5 5.cxd5 d6 6.Nc3 g6 7.Nf3 Bg7 8.Bg2 O-O 9.O-O
Re8 10.Bf4 Na6 11.Re1 Bg4 12.h3 Bxf3 13.Bxf3 Nd7 14.e4 Ne5 15.Be2 Rb8 16.Kg2 Nc7
17.a4 Na6 18.Be3 Nb4 19.f4 Nd7 20.Bf2 a6 21.Qd2 Qc7 22.Rac1 Qa5 23.Ra1 Qc7
24.Bc4 Nb6 25.Bf1 Rbc8 26.Rac1 Qd7 27.b3 Na8 28.Kh2 b6 29.h4 Rcd8 30.Bh3 Qe7
31.Na2 Nxa2 32.Qxa2 Nc7 33.b4 Qf6 34.a5 Rb8 35.axb6 Rxb6 36.e5 dxe5 37.bxc5 Rb4
38.d6 Nb5 39.Qd2 Rd4 40.Bxd4 Nxd4 41.Qxd4 1-0

[Event "17. Int. Offene Wiener Schachmeisterschaft 2011 A-
[Site "Grosser Festsaal im Wiener Rathaus"]
[Date "2011.08.16"]
[Round "4"]
[Board "1"]
[White "Wagner, Stefan"]
[Black "Timoscenko, Gennadij"]
[Result "1/2-1/2"]
[WhiteElo "2194"]
[BlackElo "2502"]
[PlyCount "66"]
[EventDate "2011.08.13"]
[EventRounds "9"]
[EventCountry "AUT"]

1.c4 e5 2.g3 Nf6 3.Bg2 d5 4.cxd5 Nxd5 5.Nf3 Nc6 6.O-O Nb6 7.d3 Be7 8.a3 Be6
9.Nbd2 a5 10.b3 O-O 11.Bb2 f6 12.Rc1 Qd7 13.Ne4 Nd4 14.Nxd4 exd4 15.Nc5 Bxc5
16.Rxc5 c6 17.Qd2 Bxb3 18.Rxa5 Bd5 19.Bxd5+ Nxd5 20.Rxa8 Rxa8 21.Bxd4 Rxa3
22.Qb2 Ra6 23.e4 Ne7 24.Qb3+ Kh8 25.Bc5 Ng6 26.d4 Ra8 27.Qb6 Ra6 28.Qb3 Ra5
29.Rb1 Rb5 30.Qc2 Rxb1+ 31.Qxb1 b5 32.f4 Qg4 33.Kf2 Nxf4 1/2-1/2

[Event "17. Int. Offene Wiener Schachmeisterschaft 2011 A-
[Site "Grosser Festsaal im Wiener Rathaus"]
[Date "2011.08.16"]
[Round "4"]
[Board "1"]
[White "Ranits, Franz"]
[Black "Schroll, Gerhard"]
[Result "1/2-1/2"]
[WhiteElo "2196"]
[BlackElo "2414"]
[PlyCount "76"]
[EventDate "2011.08.13"]
[EventRounds "9"]
[EventCountry "AUT"]

1.e4 c5 2.Nf3 e6 3.c3 Nf6 4.d3 Nc6 5.Nbd2 d5 6.g3 Be7 7.Bg2 O-O 8.O-O dxe4
9.dxe4 Nd7 10.Qc2 Qc7 11.Rd1 b5 12.a4 bxa4 13.Rxa4 Nb6 14.Ra1 a5 15.Nf1 Bb7
16.Bf4 e5 17.Bd2 a4 18.Ne3 c4 19.Nd5 Nxd5 20.exd5 Na5 21.Ng5 Bxg5 22.Bxg5 Nb3
23.Rab1 f6 24.Be3 Rad8 25.f4 Nc5 26.Kh1 Rd6 27.Bxc5 Qxc5 28.Qxa4 exf4 29.gxf4
Bxd5 30.b3 Rfd8 31.Bxd5+ Rxd5 32.bxc4 R5d6 33.Rxd6 Qxd6 34.Re1 h5 35.Re8+ Kh7
36.Rxd8 Qxd8 37.Qc2+ Kh6 38.Qe2 Qd6 1/2-1/2

[Event "17. Int. Offene Wiener Schachmeisterschaft 2011 A-
[Site "Grosser Festsaal im Wiener Rathaus"]
[Date "2011.08.16"]
[Round "4"]
[Board "1"]
[White "Shteinberg, Vladimir"]
[Black "Webersberger, Johann"]
[Result "1/2-1/2"]
[WhiteElo "2177"]
[BlackElo "2381"]
[PlyCount "83"]
[EventDate "2011.08.13"]
[EventRounds "9"]
[EventCountry "AUT"]

1.e4 e5 2.Nf3 d6 3.d4 exd4 4.Nxd4 Nf6 5.Nc3 Be7 6.f3 O-O 7.Be3 a6 8.Qd2 b5
9.O-O-O c5 10.Nde2 b4 11.Nd5 Nxd5 12.Qxd5 Ra7 13.Kb1 Be6 14.Qd2 Qa5 15.Nc1 Nc6
16.f4 f6 17.Qf2 Rb7 18.Be2 c4 19.Qf1 Qb5 20.Nb3 Rc8 21.Nd4 Nxd4 22.Rxd4 Rbc7
23.b3 a5 24.bxc4 Qb8 25.Bd3 a4 26.Qd1 Rb7 27.Ka1 b3 28.c3 a3 29.Qd2 bxa2 30.Qxa2
Rb2 31.Qxa3 Rb3 32.Qa2 Rc7 33.c5 Ra7 34.Ra4 Rxa4 35.Qxa4 Rxc3 36.Rb1 Qf8 37.Qa6
f5 38.e5 Bc8 39.Qa2+ Kh8 40.cxd6 Rxd3 41.Bc5 Bh4 42.g3 1/2-1/2

[Event "17. Int. Offene Wiener Schachmeisterschaft 2011 A-
[Site "Grosser Festsaal im Wiener Rathaus"]
[Date "2011.08.16"]
[Round "4"]
[Board "1"]
[White "Weinzettl, Ernst"]
[Black "Kessler, Luca"]
[Result "1/2-1/2"]
[WhiteElo "2335"]
[BlackElo "2188"]
[PlyCount "65"]
[EventDate "2011.08.13"]
[EventRounds "9"]
[EventCountry "AUT"]

1.e4 e5 2.d4 exd4 3.Nf3 Nc6 4.Bc4 Nf6 5.e5 d5 6.Bb5 Ne4 7.Nxd4 Bd7 8.Bxc6 bxc6
9.O-O Be7 10.f3 Nc5 11.Be3 O-O 12.c3 f6 13.exf6 Rxf6 14.b4 Ne6 15.f4 a5 16.bxa5
Nxd4 17.cxd4 Rxa5 18.a4 Qb8 19.Nd2 Qb4 20.Nf3 Ra8 21.Ne5 Bf5 22.Bf2 Rff8 23.Nxc6
Qd6 24.Nxe7+ Qxe7 25.Qb3 Be4 26.Rfc1 Qd6 27.Qc3 Qxf4 28.Qg3 Qxg3 29.Bxg3 Rfb8
30.Ra2 Rb4 31.a5 Rxd4 32.Rxc7 Rc4 33.Rxc4 1/2-1/2

[Event "17. Int. Offene Wiener Schachmeisterschaft 2011 A-
[Site "Grosser Festsaal im Wiener Rathaus"]
[Date "2011.08.16"]
[Round "4"]
[Board "1"]
[White "Kizilkaya, Mehmet"]
[Black "Vlcek, Stanislav"]
[Result "1/2-1/2"]
[WhiteElo "2192"]
[BlackElo "2335"]
[PlyCount "106"]
[EventDate "2011.08.13"]
[EventRounds "9"]
[EventCountry "AUT"]

1.e4 c5 2.c3 Nf6 3.e5 Nd5 4.Nf3 Nc6 5.d4 cxd4 6.cxd4 d6 7.Bc4 Nb6 8.Bb5 dxe5
9.Nxe5 Bd7 10.Nxd7 Qxd7 11.Nc3 e6 12.O-O Be7 13.a4 a6 14.Bxc6 Qxc6 15.a5 Nd5
16.Qb3 Rd8 17.Be3 O-O 18.Rfc1 Nxe3 19.fxe3 Bg5 20.Na4 Qd5 21.Rc3 Qxa5 22.Rc5 b5
23.Rxg5 bxa4 24.Rxa5 axb3 25.Rxa6 e5 26.Rd1 exd4 27.exd4 Rfe8 28.Rb6 Rb8 29.Rxb8
Rxb8 30.Kf2 Rc8 31.Ke3 Kf8 32.Kd3 Ke7 33.Rd2 f5 34.g3 Kd6 35.Re2 g6 36.Rd2 Rc1
37.Re2 h6 38.Rf2 Kd5 39.Rd2 Rc4 40.Re2 Rxd4+ 41.Kc3 Re4 42.Rd2+ Ke5 43.Kxb3 g5
44.Kc2 f4 45.Rf2 Re3 46.gxf4+ gxf4 47.Kd2 Kf5 48.Re2 Rb3 49.Ke1 f3 50.Rc2 Kg4
51.Kf1 Kh3 52.Kg1 Rb6 53.Rc3 Rxb2 1/2-1/2

[Event "17. Int. Offene Wiener Schachmeisterschaft 2011 A-
[Site "Grosser Festsaal im Wiener Rathaus"]
[Date "2011.08.16"]
[Round "4"]
[Board "1"]
[White "Jicman, Ligia Letitia"]
[Black "Szalanczy, Emil"]
[Result "0-1"]
[WhiteElo "2188"]
[BlackElo "2325"]
[PlyCount "76"]
[EventDate "2011.08.13"]
[EventRounds "9"]
[EventCountry "AUT"]

1.e4 c5 2.Nf3 d6 3.Bb5+ Nd7 4.c3 a6 5.Ba4 Ngf6 6.Qe2 b5 7.Bc2 Bb7 8.O-O Qc7 9.d3
g6 10.Rd1 Bg7 11.Nbd2 O-O 12.Nf1 e5 13.a4 d5 14.axb5 axb5 15.Rxa8 Rxa8 16.d4
exd4 17.e5 Ne4 18.cxd4 b4 19.Bxe4 dxe4 20.Ng5 cxd4 21.e6 Ne5 22.exf7+ Nxf7
23.Nxe4 b3 24.Qf3 Qc6 25.Re1 Ne5 26.Qxb3+ Qd5 27.Nc5 Qxb3 28.Nxb3 Bd5 29.Nc5 h5
30.Bf4 Nc4 31.b3 Nb2 32.Rb1 Rc8 33.Rxb2 Rxc5 34.b4 Rc8 35.b5 d3 36.Rd2 Rc3
37.Rb2 Rc4 38.b6 Bxb2 0-1

[Event "17. Int. Offene Wiener Schachmeisterschaft 2011 A-
[Site "Grosser Festsaal im Wiener Rathaus"]
[Date "2011.08.17"]
[Round "5"]
[Board "1"]
[White "Shengelia, David"]
[Black "Buhmann, Rainer"]
[Result "1/2-1/2"]
[WhiteElo "2513"]
[BlackElo "2582"]
[PlyCount "115"]
[EventDate "2011.08.13"]
[EventRounds "9"]
[EventCountry "AUT"]

1.d4 d5 2.c4 c6 3.Nf3 Nf6 4.e3 a6 5.Qc2 g6 6.Bd3 Bg7 7.O-O O-O 8.Nbd2 Nbd7
9.cxd5 cxd5 10.b3 b6 11.a4 Bb7 12.Ba3 Rc8 13.Qb2 Re8 14.Rac1 e6 15.b4 Ne4 16.Qb1
Rxc1 17.Rxc1 e5 18.b5 a5 19.Nxe4 dxe4 20.Bxe4 Bxe4 21.Qxe4 exd4 22.Qd3 dxe3
23.fxe3 Ne5 24.Nxe5 Bxe5 25.Qxd8 Rxd8 26.Rc6 Rd3 27.Rc8+ Kg7 28.Bf8+ Kf6 29.Kf2
Bxh2 30.Rc6+ Kf5 31.Rxb6 Ke4 32.Rb7 Rd2+ 33.Kf1 Ra2 34.Rxf7 Rxa4 35.Re7+ Kd3
36.Kf2 Ra2+ 37.Kf3 Rb2 38.Rxh7 Rxb5 39.g4 Be5 40.Rd7+ Kc4 41.g5 Bc3 42.Be7 Rf5+
43.Ke4 a4 44.Rc7+ Kb3 45.Kd3 Rd5+ 46.Ke2 Rb5 47.Rc6 Rb7 48.Bf6 Bb2 49.Bxb2 Kxb2
50.Rxg6 a3 51.Ra6 a2 52.Kf3 a1=Q 53.Rxa1 Kxa1 54.Kf4 Kb2 55.g6 Kc3 56.Kf5 Rg7
57.Kf6 Rxg6+ 58.Ke5 1/2-1/2

[Event "17. Int. Offene Wiener Schachmeisterschaft 2011 A-
[Site "Grosser Festsaal im Wiener Rathaus"]
[Date "2011.08.17"]
[Round "5"]
[Board "1"]
[White "Fauland, Alexander"]
[Black "Ulibin, Mikhail"]
[Result "1/2-1/2"]
[WhiteElo "2477"]
[BlackElo "2538"]
[PlyCount "89"]
[EventDate "2011.08.13"]
[EventRounds "9"]
[EventCountry "AUT"]

1.d4 e6 2.c4 f5 3.Nc3 Nf6 4.e3 d6 5.Bd3 e5 6.f3 g6 7.Nge2 Bg7 8.O-O O-O 9.a3
exd4 10.exd4 Nh5 11.Be3 Nc6 12.f4 Nf6 13.h3 Re8 14.Rf3 d5 15.cxd5 Ne7 16.Bc4
Nexd5 17.Nxd5 Nxd5 18.Bxd5+ Qxd5 19.Nc3 Qd6 20.d5 Bd7 21.Bd4 Bxd4+ 22.Qxd4 c5
23.Qf2 b5 24.b4 cxb4 25.axb4 Qxb4 26.Rxa7 Rxa7 27.Qxa7 Qd6 28.Qa5 Rb8 29.Na2
Qxd5 30.Nb4 Qc5+ 31.Kh2 Re8 32.Nd3 Qd5 33.Ne5 Bc8 34.Rd3 Qe4 35.Qd2 Be6 36.Rd8
Bf7 37.Rd4 Rxe5 38.fxe5 Qxe5+ 39.Kh1 Kg7 40.Rd7 Qa1+ 41.Kh2 Qe5+ 42.Kg1 f4
43.Qd3 Qe1+ 44.Kh2 Qe5 45.Kg1 1/2-1/2

[Event "17. Int. Offene Wiener Schachmeisterschaft 2011 A-
[Site "Grosser Festsaal im Wiener Rathaus"]
[Date "2011.08.17"]
[Round "5"]
[Board "1"]
[White "Petrov, Marijan"]
[Black "Stanec, Nikolaus"]
[Result "1/2-1/2"]
[WhiteElo "2534"]
[BlackElo "2536"]
[PlyCount "93"]
[EventDate "2011.08.13"]
[EventRounds "9"]
[EventCountry "AUT"]

1.e4 c6 2.d4 d5 3.e5 Bf5 4.c4 e6 5.Nc3 Nd7 6.Nf3 h6 7.h3 Ne7 8.b3 a6 9.Be2 Bh7
10.O-O Nf5 11.c5 Be7 12.b4 Nh4 13.Nxh4 Bxh4 14.a4 O-O 15.Be3 Be7 16.f4 b6 17.a5
b5 18.Bg4 f5 19.exf6 Rxf6 20.Qe2 Nf8 21.Bd2 Bf5 22.Rae1 Ra7 23.Nd1 Qe8 24.Nf2
Qg6 25.Kh2 Bd8 26.Bh5 Qh7 27.Ng4 Bxg4 28.Bxg4 Re7 29.g3 g6 30.Qe5 Rb7 31.Re2 h5
32.Bf3 Qf7 33.Qd6 Qe8 34.Qe5 Qf7 35.h4 Bc7 36.Qe3 Rb8 37.Bg2 Re8 38.Rfe1 Qg7
39.Bh3 Re7 40.Qd3 Re8 41.Kh1 Qh7 42.Rg1 Kf7 43.Rh2 Nd7 44.Re2 Nf8 45.Rge1 Kg8
46.Re3 Bb8 47.Qe2 1/2-1/2

[Event "17. Int. Offene Wiener Schachmeisterschaft 2011 A-
[Site "Grosser Festsaal im Wiener Rathaus"]
[Date "2011.08.17"]
[Round "5"]
[Board "1"]
[White "Degraeve, Jean-Marc"]
[Black "Krivoborodov, Egor"]
[Result "1/2-1/2"]
[WhiteElo "2574"]
[BlackElo "2507"]
[PlyCount "60"]
[EventDate "2011.08.13"]
[EventRounds "9"]
[EventCountry "AUT"]

1.e4 c6 2.d4 d5 3.exd5 cxd5 4.c4 Nf6 5.Nc3 e6 6.Nf3 Bb4 7.cxd5 Nxd5 8.Qc2 Nc6
9.a3 Be7 10.Bd3 h6 11.O-O O-O 12.Qe2 b6 13.Rd1 Bb7 14.Qe4 Nf6 15.Qh4 Nd5 16.Qg3
Bd6 17.Qh3 Bf4 18.Nxd5 Bxc1 19.Raxc1 Qxd5 20.Bc4 Qd6 21.d5 Rad8 22.Bb3 exd5
23.Bxd5 Qf6 24.Rb1 Rd6 25.Be4 Re8 26.Qf5 Qxf5 27.Bxf5 Red8 28.Rxd6 Rxd6 29.Be4
g6 30.h4 Kg7 1/2-1/2

[Event "17. Int. Offene Wiener Schachmeisterschaft 2011 A-
[Site "Grosser Festsaal im Wiener Rathaus"]
[Date "2011.08.17"]
[Round "5"]
[Board "1"]
[White "Danner, Georg"]
[Black "Khenkin, Igor"]
[Result "0-1"]
[WhiteElo "2401"]
[BlackElo "2620"]
[PlyCount "106"]
[EventDate "2011.08.13"]
[EventRounds "9"]
[EventCountry "AUT"]

1.d4 Nf6 2.Nf3 d5 3.c4 e6 4.e3 Be7 5.b3 O-O 6.Bd3 c5 7.cxd5 exd5 8.O-O Bg4
9.dxc5 Ne4 10.Bb2 Bf6 11.Bxf6 Qxf6 12.Nbd2 Nxd2 13.Qxd2 Bxf3 14.gxf3 Qxf3 15.Be2
Qf5 16.Rad1 Rd8 17.Qb4 Nd7 18.Rd4 a5 19.Qb5 Ra6 20.Rg4 h5 21.Rg2 Rc8 22.Qxb7
Nxc5 23.Qe7 Rf6 24.Rc1 Ne4 25.Rxc8+ Qxc8 26.Bf1 Rf5 27.Qa7 Nd2 28.Qxa5 Qc1
29.Qa8+ Kh7 30.Qa6 Nf3+ 31.Kh1 g6 32.Qe2 d4 33.exd4 Nxd4 34.Qc4 Qa1 35.a4 Nxb3
36.Rg1 Nd2 37.Qe2 Nf3 38.Rg3 Nd4 39.Qc4 Rxf2 40.Rg1 Qb2 41.Bg2 Kg7 42.Rf1 Rxf1+
43.Qxf1 Qa2 44.Qd1 Nf5 45.Be4 Qf2 46.a5 Ne3 47.Qg1 Qe2 48.a6 Nd1 49.Qd4+ Kh7
50.Kg1 Ne3 51.Qa1 Qg4+ 52.Kf2 Qxe4 53.Qa3 Qg2+ 0-1

[Event "17. Int. Offene Wiener Schachmeisterschaft 2011 A-
[Site "Grosser Festsaal im Wiener Rathaus"]
[Date "2011.08.17"]
[Round "5"]
[Board "1"]
[White "Jakovljevic, Vlado"]
[Black "Hertneck, Gerald"]
[Result "1/2-1/2"]
[WhiteElo "2377"]
[BlackElo "2551"]
[PlyCount "96"]
[EventDate "2011.08.13"]
[EventRounds "9"]
[EventCountry "AUT"]

1.Nf3 d5 2.d4 Nf6 3.c4 c6 4.Nc3 dxc4 5.a4 Bf5 6.Ne5 Nbd7 7.Nxc4 Qc7 8.Qd2 e6
9.Qf4 Qxf4 10.Bxf4 Nb6 11.e3 Nxc4 12.Bxc4 Nh5 13.Be5 f6 14.Bg3 Nxg3 15.hxg3 Bb4
16.Ke2 Ke7 17.Bd3 Bxd3+ 18.Kxd3 a5 19.g4 h6 20.Rac1 Rad8 21.Ke2 f5 22.gxf5 exf5
23.g3 Kf6 24.Rc2 g5 25.Kf3 h5 26.Na2 Bd6 27.Nc1 Rh7 28.Nd3 Ke6 29.e4 fxe4+
30.Kxe4 Kf6 31.f4 gxf4 32.gxf4 h4 33.Rch2 Rdh8 34.Rh3 Rh5 35.Rg1 R8h7 36.Rg4 c5
37.Ne5 cxd4 38.Rg6+ Ke7 39.Kxd4 Bxe5+ 40.fxe5 R5h6 41.Rg4 Rb6 42.Kc5 Rxb2
43.Rgxh4 Rxh4 44.Rxh4 Ke6 45.Rh6+ Kxe5 46.Rb6 Rxb6 47.Kxb6 Kd5 48.Kxa5 Ke5 1/2-1/2

[Event "17. Int. Offene Wiener Schachmeisterschaft 2011 A-
[Site "Grosser Festsaal im Wiener Rathaus"]
[Date "2011.08.17"]
[Round "5"]
[Board "1"]
[White "Polak, Tomas"]
[Black "Zeller, Frank"]
[Result "1/2-1/2"]
[WhiteElo "2540"]
[BlackElo "2395"]
[PlyCount "125"]
[EventDate "2011.08.13"]
[EventRounds "9"]
[EventCountry "AUT"]

1.d4 Nf6 2.c4 e6 3.Nf3 c5 4.d5 d6 5.Nc3 exd5 6.cxd5 g6 7.Bg5 Bg7 8.Nd2 h6 9.Bh4
g5 10.Bg3 Nh5 11.e3 Nxg3 12.hxg3 Nd7 13.Be2 O-O 14.O-O Qe7 15.Qc2 a6 16.a4 Rb8
17.Rae1 Re8 18.Nc4 Ne5 19.Nb6 Nd7 20.Nc4 Ne5 21.Nb6 Nd7 22.Nxc8 Rbxc8 23.Bg4 Rc7
24.Bf5 b5 25.axb5 axb5 26.Nxb5 Rb7 27.Nc3 Reb8 28.Rb1 Rb4 29.Rfd1 Ne5 30.b3 Nd7
31.Ne4 Nf6 32.Nxf6+ Bxf6 33.Bd3 Ra8 34.Qe2 Kg7 35.Bc4 Rbb8 36.Rd2 Qe5 37.g4 Ra1
38.Rxa1 Qxa1+ 39.Rd1 Qc3 40.g3 Ra8 41.Kg2 Qe5 42.Qc2 Ra3 43.Re1 Ra1 44.Rxa1 Qxa1
45.Be2 Qc3 46.Qf5 Qe5 47.Qd3 Qc3 48.Qa6 Qe5 49.Bf3 Be7 50.Qc4 Bf6 51.b4 cxb4
52.Qxb4 Kf8 53.Qb6 Kg7 54.Qc6 Kf8 55.Qa6 Kg7 56.Kh2 Qb2 57.Be2 Qe5 58.Bf3 Qb2
59.Kg2 Qe5 60.Kh3 Qb2 61.Be2 Qa1 62.Qxa1 Bxa1 63.Kg2 1/2-1/2